[Event "Novosibirsk op"]
[Site "Novosibirsk"]
[Date "2009.02.17"]
[Round "7"]
[White "Pokrasenko, Alexander"]
[Black "Korotkova, Ekaterina"]
[Result "1/2-1/2"]
[WhiteElo "2219"]
[BlackElo "2038"]
[PlyCount "42"]
[EventDate "2009.02.07"]
[EventType "swiss"]
[EventRounds "9"]
[EventCountry "RUS"]
[SourceTitle "EXT 2012"]
[Source "ChessBase"]
[SourceDate "2011.11.24"]
[SourceVersion "1"]
[SourceVersionDate "2011.11.24"]
[SourceQuality "1"]

1. d4 Nf6 2. c4 g6 3. Nc3 Bg7 4. e4 d6 5. Nf3 0-0 6. Be2 e5 7. d5 Nbd7 8. Bg5 h6 9. Bh4 a5 10. 0-0 Nc5 11. Qc2 g5 12. Bg3 Nh5 13. b3 Nxg3 14. fxg3 f5 15. Nd2 fxe4 16. Ndxe4 Nxe4 17. Nxe4 Bf5 18. g4 Bg6 19. Bd3 Qd7 20. h3 Rxf1+ 21. Rxf1 Rf8 1/2-1/2

[Event "Novosibirsk op"]
[Site "Novosibirsk"]
[Date "2009.02.15"]
[Round "6"]
[White "Kulikov, Vladimir N"]
[Black "Pokrasenko, Alexander"]
[Result "0-1"]
[WhiteElo "2111"]
[BlackElo "2219"]
[PlyCount "100"]
[EventDate "2009.02.07"]
[EventType "swiss"]
[EventRounds "9"]
[EventCountry "RUS"]
[SourceTitle "EXT 2012"]
[Source "ChessBase"]
[SourceDate "2011.11.24"]
[SourceVersion "1"]
[SourceVersionDate "2011.11.24"]
[SourceQuality "1"]

1. d4 Nf6 2. Nf3 e6 3. c4 c5 4. e3 Be7 5. Nc3 0-0 6. Be2 cxd4 7. exd4 d5 8. Bg5 h6 9. Bf4 Nc6 10. c5 Ne4 11. Qc2 Qa5 12. 0-0 Nxc3 13. Qxc3 Qxc3 14. bxc3 b6 15. cxb6 axb6 16. Rfb1 Ba6 17. Kf1 Bxe2+ 18. Kxe2 Ra6 19. Ne5 Nxe5 20. Bxe5 Rc8 21. Kd3 f6 22. Bf4 Kf7 23. Rb2 Ke8 24. Rab1 Rc6 25. Re2 Kd7 26. Rbe1 Ra3 27. Rc2 Bb4 28. Bd2 Bd6 29. f4 b5 30. Rb1 Rca6 31. Rxb5 Rxa2 32. Rxa2 Rxa2 33. Rb1 Ra8 34. h3 g5 35. fxg5 hxg5 36. Rf1 Ke7 37. Rb1 Kd7 38. Rf1 Be7 39. g3 Rh8 40. Rh1 Bd6 41. Be1 g4 42. h4 Rh5 43. Rf1 Ke7 44. Ke2 Kf7 45. Kf2 Rf5+ 46. Kg2 Rxf1 47. Kxf1 f5 48. Ke2 f4 49. gxf4 Bxf4 50. Kf2 Kg6 0-1

[Event "Novosibirsk op"]
[Site "Novosibirsk"]
[Date "2009.02.08"]
[Round "2"]
[White "Stavskaya, Olga"]
[Black "Pokrasenko, Alexander"]
[Result "0-1"]
[WhiteElo "2057"]
[BlackElo "2219"]
[PlyCount "83"]
[EventDate "2009.02.07"]
[EventType "swiss"]
[EventRounds "9"]
[EventCountry "RUS"]
[SourceTitle "EXT 2012"]
[Source "ChessBase"]
[SourceDate "2011.11.24"]
[SourceVersion "1"]
[SourceVersionDate "2011.11.24"]
[SourceQuality "1"]

1. d4 e6 2. Nf3 Nf6 3. g3 b6 4. Bg2 Bb7 5. 0-0 Be7 6. c4 0-0 7. Nc3 Ne4 8. Qc2 f5 9. Rd1 Nxc3 10. Qxc3 d6 11. b4 a5 12. b5 Bf6 13. Bb2 Nd7 14. Rac1 g5 15. Qd2 Qe7 16. Ne1 Bxg2 17. Nxg2 Qg7 18. Ba3 Rad8 19. Qd3 Rf7 20. e3 Qg6 21. f4 e5 22. Bb2 e4 23. Qe2 g4 24. a4 Rg7 25. Ba3 h5 26. Ne1 h4 27. Qg2 Rh7 28. Nc2 Kf7 29. Rd2 Rdh8 30. Rf2 hxg3 31. hxg3 Rh3 32. Kf1 Be7 33. Ke2 Qe6 34. Na1 d5 35. cxd5 Qxd5 36. Bxe7 Kxe7 37. Rxc7 Qa2+ 38. Nc2 Rh1 39. Kd2 Qxa4 40. Kc3 Qxb5 41. Rd2 Rb1 42. Re2 0-1

[Event "Novosibirsk State University-ch"]
[Site "Novosibirsk"]
[Date "2007.??.??"]
[Round "5.3"]
[White "Pokrasenko, Alexander"]
[Black "Sharkov, Maxim"]
[Result "1/2-1/2"]
[WhiteElo "2189"]
[BlackElo "2014"]
[PlyCount "82"]
[EventDate "2007.05.01"]
[EventType "tourn"]
[EventRounds "9"]
[EventCountry "RUS"]
[SourceTitle "EXT 2022"]
[Source "ChessBase"]
[SourceDate "2021.10.06"]
[SourceVersion "1"]
[SourceVersionDate "2021.10.06"]
[SourceQuality "1"]

1. Nf3 Nf6 2. c4 g6 3. g3 Bg7 4. Bg2 c6 5. 0-0 0-0 6. Qc2 d5 7. b3 Bf5 8. d3 Na6 9. Bb2 Rc8 10. a3 b5 11. Nbd2 Qd7 12. Rfe1 Nc5 13. Rad1 Qb7 14. Ba1 Rfd8 15. h3 Qa6 16. b4 Nb7 17. c5 Rd7 18. Bc3 Rcd8 19. Qb2 Be6 20. Nb3 Ne8 21. Nbd4 Rc8 22. Nxe6 Bxc3 23. Qxc3 fxe6 24. h4 Ng7 25. Bh3 Rf8 26. Kg2 Nd8 27. e4 Rc7 28. Re3 Qb7 29. Rde1 Nf7 30. Ng5 Nd8 31. Qe5 Rf6 32. f4 Qc8 33. Qc3 h6 34. Nf3 Qd7 35. Ne5 Qe8 36. Ng4 Rf8 37. Nxh6+ Kh7 38. Ng4 Rd7 39. Ne5 d4 40. Qb2 dxe3 41. Nxd7 Qxd7 1/2-1/2

[Event "Capital of Sibiria op"]
[Site "Novosibirsk"]
[Date "2002.07.26"]
[Round "8"]
[White "Pokrasenko, Alexander"]
[Black "Salinnikov, Denis Y"]
[Result "1/2-1/2"]
[WhiteElo "2183"]
[BlackElo "2327"]
[PlyCount "96"]
[EventDate "2002.07.19"]
[EventType "swiss"]
[EventRounds "9"]
[EventCountry "RUS"]
[SourceTitle "CBM 089 Extra"]
[Source "ChessBase"]
[SourceDate "2002.09.10"]
[SourceVersion "2"]
[SourceVersionDate "2002.09.10"]
[SourceQuality "1"]

1. Nf3 Nf6 2. c4 g6 3. g3 Bg7 4. Bg2 0-0 5. 0-0 Nc6 6. d4 a6 7. d5 Na5 8. Qa4 c5 9. Bd2 b6 10. Bc3 d6 11. Nbd2 Bd7 12. Qc2 b5 13. b3 Rc8 14. e4 e5 15. dxe6 Bxe6 16. Rad1 b4 17. Bb2 Nd7 18. Bxg7 Kxg7 19. Qb2+ Qf6 20. Qxf6+ Kxf6 21. Ne1 Ke7 22. f4 f6 23. Nc2 Nc6 24. Kf2 h5 25. Ne3 Nb6 26. Rfe1 Nd4 27. Nf3 Nxf3 28. Bxf3 Kd7 29. e5 fxe5 30. fxe5 Bg4 31. Rxd6+ Kc7 32. Rc6+ Kb7 33. Rf6+ Bxf3 34. Rxf3 Kc6 35. Rd1 Rcd8 36. Rxd8 Rxd8 37. Rf6+ Kc7 38. Rxg6 Rd2+ 39. Kf3 Nd7 40. Rg7 Kd8 41. e6 Nf6 42. Rf7 Ng4 43. Nxg4 hxg4+ 44. Kxg4 Rxh2 45. Kf5 Rxa2 46. Ke5 Rd2 47. Rd7+ Rxd7 48. exd7 a5 1/2-1/2

[Event "Novosibirsk op"]
[Site "Novosibirsk"]
[Date "2001.07.25"]
[Round "7"]
[White "Pokrasenko, Alexander"]
[Black "Katalymov, Boris N"]
[Result "0-1"]
[WhiteElo "2188"]
[BlackElo "2424"]
[PlyCount "54"]
[EventDate "2001.07.18"]
[EventType "swiss"]
[EventRounds "11"]
[EventCountry "RUS"]
[SourceTitle "CBM 083 Extra"]
[Source "ChessBase"]
[SourceDate "2001.09.11"]
[SourceVersion "1"]
[SourceVersionDate "2001.09.11"]
[SourceQuality "1"]

1. Nf3 d5 2. c4 e6 3. g3 Nf6 4. Bg2 Be7 5. b3 Nc6 6. Bb2 a5 7. 0-0 a4 8. Ba3 Nb4 9. d4 0-0 10. Ne5 c5 11. Bxb4 cxb4 12. c5 Nd7 13. f4 Nxe5 14. fxe5 axb3 15. Qxb3 b6 16. cxb6 Ba6 17. Qb2 Qxb6 18. Rf2 f6 19. exf6 Bxf6 20. e3 Bg5 21. Qd2 Qb5 22. Bh3 Rxf2 23. Qxf2 Qd3 24. Bxe6+ Kh8 25. Bf5 Qd1+ 26. Kg2 Bxe3 27. Bc2 Bxf2 0-1